<?xml version="1.0" encoding="UTF-8"?>
<record
    xmlns:xsi="http://www.w3.org/2001/XMLSchema-instance"
    xsi:schemaLocation="http://www.loc.gov/MARC21/slim http://www.loc.gov/standards/marcxml/schema/MARC21slim.xsd"
    xmlns="http://www.loc.gov/MARC21/slim">

  <leader>01295nam a2200253 a 4500</leader>
  <controlfield tag="001">000026978</controlfield>
  <controlfield tag="003">OSt</controlfield>
  <controlfield tag="005">20260305073951.0</controlfield>
  <controlfield tag="008">110328s1982    dr            000 0 spa d</controlfield>
  <datafield tag="040" ind1=" " ind2=" ">
    <subfield code="a">DO-SdBNP</subfield>
    <subfield code="b">spa</subfield>
    <subfield code="c">BNPHU</subfield>
  </datafield>
  <datafield tag="082" ind1=" " ind2="4">
    <subfield code="a">336.34</subfield>
    <subfield code="b">D313s</subfield>
    <subfield code="2">22</subfield>
  </datafield>
  <datafield tag="245" ind1="0" ind2="3">
    <subfield code="a">Los d&#xE9;ficit del sector p&#xFA;blico en la Rep&#xFA;blica Dominicana /</subfield>
    <subfield code="c">edici&#xF3;n de Frank Moya Pons.</subfield>
  </datafield>
  <datafield tag="260" ind1=" " ind2=" ">
    <subfield code="a">Santo Domingo :</subfield>
    <subfield code="b">FORUM,</subfield>
    <subfield code="c">1982.</subfield>
  </datafield>
  <datafield tag="300" ind1=" " ind2=" ">
    <subfield code="a">177 p. ;</subfield>
    <subfield code="c">22 cm.</subfield>
  </datafield>
  <datafield tag="490" ind1=" " ind2=" ">
    <subfield code="a">FORUM</subfield>
    <subfield code="v">4</subfield>
  </datafield>
  <datafield tag="505" ind1="0" ind2=" ">
    <subfield code="a">Introducci&#xF3;n /</subfield>
    <subfield code="r">Frank Moya Pons --</subfield>
    <subfield code="t">Palabras de Don Rafael Herrera --</subfield>
    <subfield code="t">Las causas del d&#xE9;ficit del sector p&#xFA;blico dominicano /</subfield>
    <subfield code="r">Vicente Bengoa --</subfield>
    <subfield code="t">Debate --</subfield>
    <subfield code="t">El financiamiento del resultado presupuestario /</subfield>
    <subfield code="r">Luis Garc&#xED;a Recio --</subfield>
    <subfield code="t">Debate --</subfield>
    <subfield code="t">Efectos sobre la econom&#xED;a dominicana del d&#xE9;ficit del sector p&#xFA;blico /</subfield>
    <subfield code="r">Bernardo Vega --</subfield>
    <subfield code="t">Debate --</subfield>
    <subfield code="t">Los d&#xE9;ficit del sector p&#xFA;blico en Am&#xE9;rica Latina y el caso de Costa Rica /</subfield>
    <subfield code="r">Rodolfo Silva --</subfield>
    <subfield code="t">Debate.</subfield>
  </datafield>
  <datafield tag="590" ind1=" " ind2=" ">
    <subfield code="a">Inventariado, 2018/LP</subfield>
  </datafield>
  <datafield tag="650" ind1=" " ind2="4">
    <subfield code="a">D&#xE9;ficit presupuestal</subfield>
    <subfield code="x">Congresos, conferencias, etc.</subfield>
    <subfield code="9">54075</subfield>
  </datafield>
  <datafield tag="650" ind1=" " ind2="4">
    <subfield code="a">Sector p&#xFA;blico</subfield>
    <subfield code="z">Rep&#xFA;blica Dominicana</subfield>
    <subfield code="x">Congresos, conferencias, etc.</subfield>
    <subfield code="9">54076</subfield>
  </datafield>
  <datafield tag="700" ind1="1" ind2="2">
    <subfield code="a">Moya Pons, Frank,</subfield>
    <subfield code="d">1944-</subfield>
    <subfield code="e">ed.</subfield>
    <subfield code="9">2095</subfield>
  </datafield>
  <datafield tag="830" ind1=" " ind2="0">
    <subfield code="a">FORUM ;</subfield>
    <subfield code="v">4</subfield>
    <subfield code="9">7431</subfield>
  </datafield>
  <datafield tag="910" ind1=" " ind2=" ">
    <subfield code="a">Validado. Control de calidad MFF</subfield>
  </datafield>
  <datafield tag="942" ind1=" " ind2=" ">
    <subfield code="2">ddc</subfield>
    <subfield code="c">LBS1</subfield>
  </datafield>
  <datafield tag="952" ind1=" " ind2=" ">
    <subfield code="0">0</subfield>
    <subfield code="1">0</subfield>
    <subfield code="2">ddc</subfield>
    <subfield code="5">6</subfield>
    <subfield code="7">0</subfield>
    <subfield code="8">DS</subfield>
    <subfield code="a">BNPHU</subfield>
    <subfield code="b">GR</subfield>
    <subfield code="c">HD</subfield>
    <subfield code="d">2014-05-12</subfield>
    <subfield code="l">0</subfield>
    <subfield code="o">BNPHU DS 336.34 D313s</subfield>
    <subfield code="p">26978-30</subfield>
    <subfield code="r">2020-06-25</subfield>
    <subfield code="t">e.3</subfield>
    <subfield code="w">2020-06-25</subfield>
    <subfield code="y">LFDS</subfield>
  </datafield>
  <datafield tag="952" ind1=" " ind2=" ">
    <subfield code="0">0</subfield>
    <subfield code="1">0</subfield>
    <subfield code="2">ddc</subfield>
    <subfield code="5">1</subfield>
    <subfield code="7">1</subfield>
    <subfield code="8">PD</subfield>
    <subfield code="a">BNPHU</subfield>
    <subfield code="b">PD</subfield>
    <subfield code="d">2011-03-28</subfield>
    <subfield code="l">0</subfield>
    <subfield code="o">BNPHU PD 336.34 D313s</subfield>
    <subfield code="p">26978-10</subfield>
    <subfield code="r">2020-06-25</subfield>
    <subfield code="w">2020-06-25</subfield>
    <subfield code="y">LFPD</subfield>
  </datafield>
  <datafield tag="952" ind1=" " ind2=" ">
    <subfield code="0">0</subfield>
    <subfield code="1">0</subfield>
    <subfield code="2">ddc</subfield>
    <subfield code="5">1</subfield>
    <subfield code="7">2</subfield>
    <subfield code="8">PD</subfield>
    <subfield code="a">BNPHU</subfield>
    <subfield code="b">PD</subfield>
    <subfield code="c">HD</subfield>
    <subfield code="d">2011-03-28</subfield>
    <subfield code="l">0</subfield>
    <subfield code="o">BNPHU PD 336.34 D313s</subfield>
    <subfield code="p">26978-20</subfield>
    <subfield code="r">2020-06-25</subfield>
    <subfield code="t">e.2</subfield>
    <subfield code="w">2020-06-25</subfield>
    <subfield code="y">LFPD</subfield>
  </datafield>
  <datafield tag="952" ind1=" " ind2=" ">
    <subfield code="0">0</subfield>
    <subfield code="1">0</subfield>
    <subfield code="2">ddc</subfield>
    <subfield code="5">6</subfield>
    <subfield code="7">0</subfield>
    <subfield code="8">DS</subfield>
    <subfield code="a">BNPHU</subfield>
    <subfield code="b">GR</subfield>
    <subfield code="c">HD</subfield>
    <subfield code="d">2020-10-12</subfield>
    <subfield code="e">COPARDOM </subfield>
    <subfield code="l">0</subfield>
    <subfield code="o">BNPHU DS 336.34 D313s</subfield>
    <subfield code="p">2021-1952</subfield>
    <subfield code="r">2020-10-12</subfield>
    <subfield code="t">e.4</subfield>
    <subfield code="w">2020-10-12</subfield>
    <subfield code="y">LFDS</subfield>
  </datafield>
  <datafield tag="999" ind1=" " ind2=" ">
    <subfield code="c">26470</subfield>
    <subfield code="d">26470</subfield>
  </datafield>
</record>
